Горячее пильгерование стальных труб с помощью усовершенствованных технологических решений и оборудования

Xehetasun bibliografikoak
Erakunde egilea: Маннесманн Демаг
Hizkuntza:errusiera
Argitaratua: Менхенгладбах, Маннесманн Демаг АГ, 1988
Gaiak:
Formatua: Liburua
KOHA link:https://koha.lib.tpu.ru/cgi-bin/koha/opac-detail.pl?biblionumber=119889

MARC

LEADER 00000nam0a2200000 4500
001 119889
005 20231031124757.0
035 |a (RuTPU)RU\TPU\book\129808 
090 |a 119889 
100 |a 20070813d1988 k y0rusy50 ca 
101 0 |a rus 
102 |a RU 
105 |a a b 000zy 
200 1 |a Горячее пильгерование стальных труб с помощью усовершенствованных технологических решений и оборудования  |f Маннесманн Демаг 
210 |a Менхенгладбах  |c Маннесманн Демаг АГ  |d 1988 
215 |a 30 с.  |c ил. 
610 1 |a каталоги 
610 1 |a стальные трубы 
610 1 |a трубы 
610 1 |a пильгерование 
610 1 |a станы 
610 1 |a прокатка 
610 1 |a горячее пильгерование труб 
675 |a 621.7(085)  |v 3 
712 0 2 |a Маннесманн Демаг 
801 1 |a RU  |b 63413507  |c 20070813  |g PSBO 
801 2 |a RU  |b 63413507  |c 20091125  |g PSBO 
942 |c BK